| 000 | 00422nam a22001457a 4500 | ||
|---|---|---|---|
| 082 | _a348.5491022 ZAF | ||
| 100 | _aZafar, S.M. | ||
| 245 |
_aUnderstanding Statutes: _bCanon of Construction / _cS.M. Zafar |
||
| 250 | _aFourth Edition. | ||
| 260 |
_aLahore : _bManzoor Law Book House, _c2016. |
||
| 300 |
_a1043 p. ; _c24 cm. |
||
| 942 |
_2ddc _cBK |
||
| 999 |
_c586950 _d586950 |
||